Champions de Formule 1 de A à Z - Statistiques

Statistiques générales
  • Ce quiz a été pris 214 fois
  • Le résultat moyen est 9 sur 12
Statistiques - réponses
Réponses % Correct
H Hawthorn, Hill, Hulme, Hunt, Häkkinen, Hamilton
99%
V Villeneuve, Vettel, Verstappen
99%
S Surtees, Stewart, Scheckter, Senna, Schumacher
96%
P Piquet, Prost
95%
A Ascari, Andretti, Alonso
94%
R Rindt, Rosberg, Räikkönen
89%
B Brabham, Button
81%
F Farina, Fangio, Fittipaldi
81%
L Lauda
72%
M Mansell
56%
C Clark
46%
J Jones
40%
Aucun quiz correspondant
Distribution des résultats
% des personnes avec chaque résultat
Percentile par nombre de réponses
Votre historique - résultats
Vous n’avez pas pris ce quiz